Exploiting TCP for Covert Channels (Record no. 9132)

000 -LEADER
fixed length control field 00536 a2200157 4500
003 - CONTROL NUMBER IDENTIFIER
control field NUST
038 ## - RECORD CONTENT LICENSOR
Staff Name waseem
082 ## - DEWEY DECIMAL CLASSIFICATION NUMBER
Classification number BICSE-2
100 ## - MAIN ENTRY--PERSONAL NAME
Personal name M. Arshad
9 (RLIN) 92161
245 ## - TITLE STATEMENT
Title Exploiting TCP for Covert Channels
Statement of responsibility, etc. M. Arshad
260 ## - PUBLICATION, DISTRIBUTION, ETC.
Place of publication, distribution, etc. Islamabad,
Name of publisher, distributor, etc. NUST School of Electrical Engineering & Computer Science,
Date of publication, distribution, etc. 2008.
300 ## - PHYSICAL DESCRIPTION
Extent iv, 44 p.
Other physical details : ill.
Dimensions ; 27 cm. +
Accompanying material CD-ROM
500 ## - GENERAL NOTE
General note Supervisors : Dr. Fauzan Mirza, Dr. Syed Ali Khayam.
856 ## - ELECTRONIC LOCATION AND ACCESS
Uniform Resource Identifier <a href="http://10.250.8.41:8080/xmlui/handle/123456789/28728">http://10.250.8.41:8080/xmlui/handle/123456789/28728</a>
942 ## - ADDED ENTRY ELEMENTS (KOHA)
Koha item type Project Report
Call number prefix BICSE-2 ARS
Source of classification or shelving scheme
Holdings
Withdrawn status Lost status Source of classification or shelving scheme Damaged status Not for loan Permanent Location Current Location Date acquired Full call number Barcode Date last seen Price effective from Koha item type
WITHDRAWN         Central Library (CL) Central Library (CL) 07/02/2022 BICSE-2 ARS SEECSP00670 11/14/2012 11/14/2012 Project Report
© 2023 Central Library, National University of Sciences and Technology. All Rights Reserved.